| 000 | 00641nam a2200217Ia 4500 | ||
|---|---|---|---|
| 003 | GCL | ||
| 008 | 140319s9999 xx 000 0 ara d | ||
| 040 |
_aGCL / _cGCL |
||
| 082 | 0 | 4 |
_a411.5 _bن ن |
| 100 | 1 | _aنعيم علوية | |
| 245 | 1 | 0 |
_aنمو الصوت ونمو المعنى / _cنعيم علوية |
| 260 |
_a[S.N] : _bالمركز الثقافى العربى ، _c1992 |
||
| 300 | _a157 ص | ||
| 490 |
_aلسانيات _v0 |
||
| 650 | 0 | 4 | _aاللغة العربية |
| 650 | 0 | 4 | _aالصوت |
| 650 | 0 | 4 | _aعلم الاصوات |
| 650 | 0 | 4 | _aعلم السمعيات |
| 650 | 0 | 4 | _aالفوتولوجيا |
| 942 |
_2ddc _cBK |
||
| 999 |
_c44267 _d44267 |
||